| 000 | 00517 a2200193 4500 | ||
|---|---|---|---|
| 005 | 20240808155430.0 | ||
| 010 | _aB-760147 Ch-En | ||
| 020 |
_a9789354711404 _c599.00 |
||
| 035 | _aB-760147 | ||
| 037 | _bGift | ||
| 082 | _aN | ||
| 100 |
_aGratz, Alan _969764 |
||
| 245 |
_aCaptain America; _bThe Ghost Army/ _cAlan Gratz |
||
| 260 |
_aNew Delhi _bScholastic Inc. _c2023 |
||
| 270 | _aNew Delhi | ||
| 300 |
_a165 p. _c23 cm(Pb) |
||
| 942 |
_adpl _cCH _2ddc _hN _mGRA |
||
| 999 |
_c204969 _d204969 |
||